书目信息 |
| 题名: |
中国电影创作思潮评析
|
|
| 作者: | 陈南 著 | |
| 分册: | ||
| 出版信息: | 上海 同济大学出版社 2002.08 |
|
| 页数: | 226页 | |
| 开本: | 20cm | |
| 丛书名: | 大学人文社科丛书 | |
| 单 册: | ||
| 中图分类: | J909.2 | |
| 科图分类: | ||
| 主题词: | 电影史--dian ying shi--研究--中国 | |
| 电子资源: | ||
| ISBN: | 7-5608-2438-2 | |
| 000 | 00891nam 2200253 450 | |
| 001 | 012009864344 | |
| 005 | 20090919103241.85 | |
| 010 | @a7-5608-2438-2@dCNY12.00 | |
| 100 | @a20090919d2002 em y0chiy0120 ea | |
| 101 | 0 | @achi |
| 102 | @aCN@b310000 | |
| 105 | @aac z 000yy | |
| 106 | @ar | |
| 200 | 1 | @a中国电影创作思潮评析@Azhong guo dian ying chuang zuo si chao ping xi@f陈南著@Fchen nan zhu |
| 210 | @a上海@c同济大学出版社@d2002.08 | |
| 215 | @a226页@c图, 肖像@d20cm | |
| 225 | 2 | @a大学人文社科丛书@Ada xue ren wen she ke cong shu |
| 330 | @a本书以中国电影史为线索,第一次尝试按照类型的思路对中国电影在各个历史发展时期的主要创作思潮及表现形式进行深入细致的论述。 | |
| 410 | 0 | @12001 @a大学人文社科丛书 |
| 606 | 0 | @a电影史@Adian ying shi@x研究@y中国 |
| 690 | @aJ909.2@v4 | |
| 701 | 0 | @a陈南@Achen nan@4著 |
| 801 | 0 | @aCN@bQSSK@c20090919 |
| 905 | @b756621-23@dJ909.2@eC525@f3 | |
| 中国电影创作思潮评析/陈南著.-上海:同济大学出版社,2002.08 |
| 226页:图, 肖像;20cm.-(大学人文社科丛书) |
| ISBN 7-5608-2438-2:CNY12.00 |
| 本书以中国电影史为线索,第一次尝试按照类型的思路对中国电影在各个历史发展时期的主要创作思潮及表现形式进行深入细致的论述。 |
| ● |
| 相关链接 |
|
|
|
正题名:中国电影创作思潮评析
索取号:J909.2/C525
 
预约/预借
| 序号 | 登录号 | 条形码 | 馆藏地/架位号 | 状态 | 备注 |
| 1 | 756621 | 207566212 | 社科库309/309社科库 98排1列3层/ [索取号:J909.2/C525] | 在馆 | |
| 2 | 756622 | 207566221 | 社科库309/309社科库 98排1列3层/ [索取号:J909.2/C525] | 在馆 | |
| 3 | 756623 | 207566230 | 社科库309/309社科库 98排1列3层/ [索取号:J909.2/C525] | 在馆 |